|
|
|
|
| LEADER |
00000nab a2200000 a 4500 |
| 001 |
vtls001564743 |
| 003 |
SK-MaSNL |
| 005 |
20260303222056.0 |
| 008 |
160314c2005 xo |||||||| |000 b|hun |
| 015 |
|
|
|a SNBRB2005/05
|2 snkbucl
|
| 038 |
|
|
|a SNKBUCL
|
| 040 |
|
|
|a DSZK
|b slo
|c DSZK
|e AACR2
|
| 041 |
0 |
|
|a hun
|
| 044 |
|
|
|a xo
|c SK
|
| 080 |
|
|
|a 821.511.141 (437.6)-1=511.141
|2 UDC-MRF-SK2
|
| 100 |
1 |
|
|a Kulcsár, Ferenc,
|d 1949-2018
|4 aut
|9 173838
|
| 245 |
1 |
0 |
|a Emelje könnyű szél
|b (a Dunánál)
|c Kulcsár Ferenc
|
| 600 |
1 |
7 |
|a József, Attila,
|d 1905-1937
|2 snkbucl
|9 210880
|
| 655 |
|
7 |
|a maďarská poézia
|2 snkbucl
|9 70602
|
| 655 |
|
7 |
|a dedikačná poézia
|2 snkbucl
|9 240053
|
| 773 |
0 |
|
|t Irodalmi szemle
|g Évf. XLVIII, sz. 4 (2005), o. 37-38
|x 1336-5088
|
| 852 |
|
|
|a SNK
|b KIS3GCP
|
| 852 |
|
|
|a DSZK
|b KIS3GCP
|
| 958 |
|
|
|a HU
|
| 958 |
|
|
|a SK
|
| 958 |
|
|
|a LX
|
| 999 |
|
|
|c 2238021
|d 2239951
|